Obálka Náhled e-knihy:
PDF Epub
Pro půjčování e-knih musíte být přihlášeni.
Jak si půjčit online?

Zámek /

Terezii se blíží padesátka a v jejím životě nastane několik zvratů. Rozvod, vyčlenění ze skupiny lidí, mezi které roky patřila, i nečekané dědictví. Nový život začne tím, že si za zděděné peníze koupí zámek, ve kterém plánuje zřídit luxusní hotel. Terezie netuší, do kolika zvláštních, tajemných i ži...

Celý popis

Uloženo v:
Hlavní autor: Mouseová, Martina (Autor)
Médium: E-kniha
Jazyk:Czech
Vydáno: Praha : E-knihy jedou, 2021
Tagy:
Žádné tagy
LEADER 01351nam a22002297i 4500
001 311345
007 ta
008 260601s2021 xr ||||| |||| 00| 0 cze d
020 |a 9990003258144 
044 |a xr 
100 1 |a  Mouseová, Martina  |4 aut 
245 1 0 |a Zámek /  |c  Mouseová, Martina 
264 1 |a Praha :  |b E-knihy jedou,  |c 2021 
300 |a 1 online zdroj (129 stran) 
336 |a text  |b txt  |2 rdacontent 
337 |a bez média  |b n  |2 rdamedia 
338 |a online zdroj  |b cr  |2 rdacarrier 
520 2 |a Terezii se blíží padesátka a v jejím životě nastane několik zvratů. Rozvod, vyčlenění ze skupiny lidí, mezi které roky patřila, i nečekané dědictví. Nový život začne tím, že si za zděděné peníze koupí zámek, ve kterém plánuje zřídit luxusní hotel. Terezie netuší, do kolika zvláštních, tajemných i životu nebezpečných situací se jako nová zámecká paní dostane. 
910 |a RBIT002 
998 |d 325814  |a https://core.palmknihy.cz/api/books/325814/cover?qtq4zo  |b https://core.palmknihy.cz/api/books/325814/cover/400?qtq4zo  |c https://core.palmknihy.cz/api/books/325814/cover/50?qtq4zo  |e   |g 129  |i 9990003258144  |j https://core.palmknihy.cz/api/books/325814/preview.epub  |k https://core.palmknihy.cz/api/books/325814/preview.pdf  |l   |q 49  |r 1  |s https://www.palmknihy.cz/kniha/325814  |t ebook  |y 2021  |z 1 
999 |d 311343